| 000 | 00391cam a2200157ua 4500 | ||
|---|---|---|---|
| 041 |
_amal _h |
||
| 082 |
_a894.8122 _bPIL/MA |
||
| 100 | _aPillai, N N . | ||
| 245 |
_aMareechika / _cN N Pillai. _hTextual Documents |
||
| 250 |
_a1 / _b. |
||
| 260 |
_aKottayam : _bSahitya Pravarthaka Co-operative Society , _c1968. |
||
| 300 | _a91 ; . | ||
| 504 | _a | ||
| 942 | _cBK | ||
| 999 |
_c8395 _d8395 |
||